000 00239nam a2200097Ia 4500
001 689807
005 20250826161804.0
008 250824s9999 xx 000 0 und d
245 0 _aSIRGAH
_cZÜLFÜ LİVANELİ
260 _bHAYY KİTAP YAYINLARI
999 _c689807
_d689807